Vista normal
Vista MARC
Entrada Materia (personas)
Número de registros utilizados en: 1
001 - CONTROL NUMBER
- control field: 61253
003 - CONTROL NUMBER IDENTIFIER
- control field: Co-BoUCM
005 - DATE AND TIME OF LATEST TRANSACTION
- control field: 20140519080735.0
008 - FIXED-LENGTH DATA ELEMENTS
- fixed length control field: 140519|| aca||aabn | a|a d
040 ## - CATALOGING SOURCE
- Original cataloging agency: Co-BoUCM
- Transcribing agency: Co-BoUCM
100 ## - HEADING--PERSONAL NAME
- Personal name: Rodríguez, Leopoldo
- Relator term: traductor
670 ## - SOURCE DATA FOUND
- Source citation: Work cat.: (Co-BoUCM)242821: Gripe, Maria 48540, El <<auténtico>> elvis , 1988